| 000 | 00745 a2200181 4500 | ||
|---|---|---|---|
| 003 | NUST | ||
| 038 | _aa | ||
| 082 | _aBEE-4 | ||
| 100 |
_aAbdul Moiz Kiyani, Muddasir Ali Baig and M. Arsalan Khalique _992897 |
||
| 245 |
_aInertial navigation system [Project Report BEE-4] _cAbdul Moiz Kiyani, Muddasir Ali Baig and M. Arsalan Khalique |
||
| 260 |
_aIslamabad _bNUST School of Electrical Engineering and Computer Science _c2011. |
||
| 300 |
_a48p. _b;ill. _c:27cm. + _eCD-ROM |
||
| 500 | _aSupervisors: Mr. Kamran Zaidi and Mr. Muhammad Murtaza Khan | ||
| 563 | _aa | ||
| 700 |
_aAbdul Moiz Kiyani, Muddasir Ali Baig and M. Arsalan Khalique _992897 |
||
| 856 | _uhttp://10.250.8.41:8080/xmlui/handle/123456789/3804 | ||
| 942 |
_cTHE _kBEE-4 ABD _2ddc |
||
| 999 |
_c10581 _d10581 |
||